| 000 | 00635nam a2200193Ii 4500 | ||
|---|---|---|---|
| 003 | JO-AjNU | ||
| 008 | 230605s9999||||xx |||||||||||||| ||und|| | ||
| 040 |
_aJO-AjNU _bara _erda _cJO-AjNU |
||
| 041 | _aara | ||
| 050 | 1 | 4 | _aP37.N396 1982 |
| 100 | 3 |
_aتأليف محمد عطية، نوال , _eauthor _935835 |
|
| 245 | 0 | 0 | _aعلم النفس اللغوي |
| 250 | _aط2 | ||
| 264 | 3 | 1 | _aالقاهرة:مكتبة الانجلو المصرية,1982 |
| 336 |
_atext _btxt _2rdacontent |
||
| 337 |
_aunmediated _bn _2rdamedia |
||
| 338 |
_avolume _bnc _2rdacarrier |
||
| 650 | 4 |
_aعلم النفس-علم النفس اللغوي _935836 |
|
| 999 |
_aA14832 _c18400 _d18400 |
||